| Tag |
First Indicator |
Second Indicator |
Subfields |
| LEADER |
00000cam a2200000 a 4500 |
| 001 |
in00000947721 |
| 005 |
20150925135323.0 |
| 008 |
890629s1988 flua b 00010 eng d |
| 010 |
|
|
|a 88082963
|
| 020 |
|
|
|a 086539069X
|
| 035 |
|
|
|a (OCoLC)19949480
|
| 035 |
|
|
|9 AES5758AM
|
| 040 |
|
|
|a PHA
|c PHA
|d IXA
|d UtOrBLW
|
| 049 |
|
|
|a TXAM
|
| 090 |
|
|
|a HF5601
|b .S87 no.30
|
| 092 |
|
|
|a 657.3
|b G588a
|
| 100 |
1 |
|
|a Gonedes, Nicholas J.
|
| 245 |
1 |
0 |
|a Analysis of financial statements :
|b financial accounting and the capital market /
|c by Nicholas J. Gonedes and Nicholas Dopuch.
|
| 264 |
|
1 |
|a [Sarasota, Fla.] :
|b American Accounting Association,
|c 1988.
|
| 300 |
|
|
|a 421 pages :
|b illustrations ;
|c 25 cm.
|
| 336 |
|
|
|a text
|b txt
|2 rdacontent
|
| 337 |
|
|
|a unmediated
|b n
|2 rdamedia
|
| 338 |
|
|
|a volume
|b nc
|2 rdacarrier
|
| 490 |
1 |
|
|a Studies in accounting research ;
|v no. 30
|
| 504 |
|
|
|a Includes bibliographical references.
|
| 650 |
|
0 |
|a Financial statements.
|
| 700 |
1 |
|
|a Dopuch, Nicholas.
|
| 830 |
|
0 |
|a Studies in accounting research ;
|v no. 30.
|
| 999 |
|
|
|a MARS
|
| 999 |
f |
f |
|s c9874ae4-3ce5-37a3-91cb-ebee47c3d925
|i 85f40ec9-840e-384e-9e48-3765d7b65008
|t 0
|
| 952 |
f |
f |
|p ric
|a Texas A&M University
|b Rellis Campus
|c Joint Library Facility
|d Remote Storage
|t 0
|e HF5601 .S87 no.30
|h Library of Congress classification
|i unmediated -- volume
|m A14814079173
|
| 998 |
f |
f |
|a HF5601 .S87 no.30
|t 0
|l Remote Storage
|